000 01090nam0a22002771 4500
001 rc\3139012
005 20120615100830.7
021 _aRU
_b74-19644
021 _aRU
_bРг4980-75
035 _a(NLR Aleph) 007289644
090 _a5596058
_c5596058
100 _a20120615d1975 |||y0rusy50 ca
101 0 _arus
102 _aRU
105 _aa z |||||
200 1 _aТехнологические методики пошива мужской и женской обуви на подошве из крепа
_fМ-во бытового обслуживания населения БССР. Проектно-технол. ин-т "Белбыттехпроект"
210 _aМинск
_cБ. и.
_d1975
215 _a17 с.
_cил.
_d20
300 _aНа обороте тит. л.: разраб. инж. Бидер, М.В.
702 1 _aБидер
_bМ. В.
_4570
712 0 2 _a"Белбыттехпроект", институт
_cМинск
_3RU\NLR\AUTH\8810065776
801 0 _aRU
_bNLR
_gpsbo
801 1 _aRU
_bELAR
_2rusmarc
852 _aNLR
_j74-4/39703
942 _cBOOK
980 _aNB